000 00854nam a2200241 a 4500
001 000026784
005 20240307073947.0
008 110325s1969 dr ac 001 0 spa d
040 _aDO-SdBNP
_bspa
_cBNPHU
082 _a920.02
_bC963t
100 1 _aCucurullo, Oscar
_931288
245 1 0 _aTemp´era dal principio ... /
_cOscar Cucurullo.
260 _aSanto Domingo :
_bMontalvo,
_c1969.
300 _a67 p. :
_bil., retrs. ;
_c25 cm.
600 1 4 _aHUMBOLDT, ALEXANDER VON,
_d1769-1859.
_919784
600 1 4 _aMAURY, CARLOTA JOAQUINA,
_d1874-1938
_953895
650 4 _aNaturalistas
_xBiografías
_97824
650 4 _aPaleontólogos
_xBiografías
_953896
651 4 _aRepública Dominicana
_xDescubrimiento Y Exploraciones
_953166
710 1 2 _aUniversidad Autónoma de Santo Domingo
_972951
910 _aValidado. Control de calidad EMS
049 _aBNPD
999 _c26276
_d26276